Name fame game (Record no. 75827)

MARC details
000 -LEADER
fixed length control field 01029cab a2200169 4500
001 - CONTROL NUMBER
control field L130843
008 - FIXED-LENGTH DATA ELEMENTS--GENERAL INFORMATION
fixed length control field 050906n 000 0 eng u
035 ## - SYSTEM CONTROL NUMBER
System control number (Sirsi) u130843
041 0# - LANGUAGE CODE
Language code of text/sound track or separate title eng
100 ## - MAIN ENTRY--PERSONAL NAME
Personal name Hewitson, Jessie
245 ## - TITLE STATEMENT
Title Name fame game
490 ## - SERIES STATEMENT
Series statement Estates Gazette
Volume/sequential designation (0535) 3 September 2005, 54-55(2)
520 ## - SUMMARY, ETC.
Summary, etc. Examines the franchising of property firms in the UK. Although franchising has always thrived in the United States the first operation of any significance in the UK was started by Winkworth in 1981. Franchising only accounts for 4% of all estate agencies. Looks at the selection process for candidate franchisees, financing of franchises. Questions whether the amount of money made from buying into an established brand is greater than the cost of being a franchisee. Some however see franchising as being on the brink of booming and the smaller agents benefiting most from franchising.
590 ## - LOCAL NOTE (RLIN)
Local note IKA130905
690 ## - LOCAL SUBJECT ADDED ENTRY--TOPICAL TERM (OCLC, RLIN)
Topical term or geographic name as entry element PROPERTY-RESIDENTIAL PROPERTY-RESIDENTIAL PROPERTY AGENCY
942 ## - ADDED ENTRY ELEMENTS (KOHA)
Suppress in OPAC 0
Holdings
Withdrawn status Lost status Source of classification or shelving scheme Damaged status Not for loan Home library Current library Shelving location Date acquired Total Checkouts Full call number Barcode Date last seen Copy number Price effective from Koha item type
    Dewey Decimal Classification     London London Journal article 06/09/2005   L130843 130843-1001 06/08/2019 1 06/08/2019 Journal article